Sin distancias (Record no. 83400)

MARC details
000 -LEADER
campo de control de longitud fija 01776nac a2200481 i 4500
001 - NÚMERO DE CONTROL
campo de control MOR01000083720
003 - IDENTIFICADOR DE NÚMERO DE CONTROL
campo de control mxdfmo
005 - FECHA Y HORA DE LA ÚLTIMA TRANSACCIÓN
campo de control 20260331145010.0
007 - CAMPO FIJO DE DESCRIPCIÓN FÍSICA--INFORMACIÓN GENERAL
campo de control de longitud fija ta
008 - DATOS DE LONGITUD FIJA--INFORMACIÓN GENERAL
campo de control de longitud fija 060324s2002 sp g bi a000 0 spa d
020 ## - NÚMERO INTERNACIONAL ESTÁNDAR DEL LIBRO
Número Internacional Estándar del Libro 84-8371-402-7
035 ## - NÚMERO DE CONTROL DEL SISTEMA
Número de control de sistema 060456
040 ## - FUENTE DE CATALOGACIÓN
Centro catalogador/agencia de origen mxcmmo
Lengua de catalogación spa
Normas de descripción rda
Centro/agencia transcriptor mxcmmo
041 0# - CÓDIGO DE IDIOMA
Código de lengua del texto/banda sonora o título independiente spa
082 04 - NÚMERO DE LA CLASIFICACIÓN DECIMAL DEWEY
Número de clasificación 306.8
Número de ítem SIN.d
245 00 - MENCIÓN DEL TÍTULO
Título Sin distancias
Resto del título : familia y tendencias historiográficas en el siglo XX/
Mención de responsabilidad, etc. ed. Francisco Chacón Jiménez ... [et. al.]
264 ## - PRODUCCIÓN, PUBLICACIÓN, DISTRIBUCIÓN, FABRICACIÓN Y COPYRIGHT
Nombre del de productor, editor, distribuidor, fabricante Universidad Externado de Colombia,
Fecha de producción, publicación, distribución, fabricación o copyright 2002.
264 #1 - PRODUCCIÓN, PUBLICACIÓN, DISTRIBUCIÓN, FABRICACIÓN Y COPYRIGHT
Producción, publicación, distribución, fabricación y copyright Murcia, España :
Nombre del de productor, editor, distribuidor, fabricante Universidad de Murcia, Servicio de Publicaciones,
Fecha de producción, publicación, distribución, fabricación o copyright 2002.
300 ## - DESCRIPCIÓN FÍSICA
Extensión 347 páginas;
Dimensiones 22 cm
336 ## - TIPO DE CONTENIDO
Término de tipo de contenido texto
Código de tipo de contenido txt
Fuente rdacontent
337 ## - TIPO DE MEDIO
Nombre/término del tipo de medio sin medio
Código del tipo de medio n
Fuente rdamedia
338 ## - TIPO DE SOPORTE
Nombre/término del tipo de soporte volumen
Código del tipo de soporte nc
Fuente rdacarrier
490 #0 - MENCIÓN DE SERIE
Mención de serie Colección mestizo
Designación de volumen o secuencia 2
504 ## - NOTA DE BIBLIOGRAFÍA, ETC.
Nota de bibliografía, etc. Nota Bibliografía: páginas 213-347
650 #7 - PUNTO DE ACCESO ADICIONAL DE MATERIA--TÉRMINO DE MATERIA
Término de materia o nombre geográfico como elemento de entrada Familia
Subdivisión general Historia
-- Historiografía
-- Alocuciones, ensayos conferencias
9 (RLIN) 143588
700 1# - ENTRADA AGREGADA--NOMBRE PERSONAL
Nombre de persona Chacón Jiménez, Francisco
Término indicativo de función/relación editor
9 (RLIN) 88033
710 2# - ENTRADA AGREGADA--NOMBRE DE ENTIDAD CORPORATIVA
Nombre de entidad corporativa o nombre de jurisdicción como elemento de entrada Universidad de Murcia (España)
9 (RLIN) 75135
710 2# - ENTRADA AGREGADA--NOMBRE DE ENTIDAD CORPORATIVA
Nombre de entidad corporativa o nombre de jurisdicción como elemento de entrada Universidad Externado de Colombia.
9 (RLIN) 126970
900 ## - ELEMENTOS DE DATOS A LOCAL, LDA (RLIN)
Nombre de persona ALEPH14
Numeración Verónica Silva
Títulos y otros términos asociados al nombre 20061103
Lenguaje de la obra MOR01
-- 1055
900 ## - ELEMENTOS DE DATOS A LOCAL, LDA (RLIN)
Nombre de persona BATCH-UPD
Numeración 00
Títulos y otros términos asociados al nombre 20120323
Lenguaje de la obra MOR01
-- 1751
900 ## - ELEMENTOS DE DATOS A LOCAL, LDA (RLIN)
Nombre de persona BATCH-UPD
Numeración 40
Títulos y otros términos asociados al nombre 20120321
Lenguaje de la obra MOR01
-- 1716
900 ## - ELEMENTOS DE DATOS A LOCAL, LDA (RLIN)
Nombre de persona BATCH
Numeración 00
Títulos y otros términos asociados al nombre 20120322
Lenguaje de la obra MOR01
-- 1739
900 ## - ELEMENTOS DE DATOS A LOCAL, LDA (RLIN)
Nombre de persona CAT
Numeración 30
Títulos y otros términos asociados al nombre 20060324
Lenguaje de la obra MOR01
-- 1340
900 ## - ELEMENTOS DE DATOS A LOCAL, LDA (RLIN)
Nombre de persona CAT
Numeración 30
Títulos y otros términos asociados al nombre 20060324
Lenguaje de la obra MOR01
-- 1344
900 ## - ELEMENTOS DE DATOS A LOCAL, LDA (RLIN)
Nombre de persona CAT
Numeración 30
Títulos y otros términos asociados al nombre 20060324
Lenguaje de la obra MOR01
-- 1345
900 ## - ELEMENTOS DE DATOS A LOCAL, LDA (RLIN)
Nombre de persona KLAS
Numeración 30
Títulos y otros términos asociados al nombre 20060324
Lenguaje de la obra MOR01
-- 1353
900 ## - ELEMENTOS DE DATOS A LOCAL, LDA (RLIN)
Nombre de persona KLAS
Numeración 30
Títulos y otros términos asociados al nombre 20060324
Lenguaje de la obra MOR01
-- 1354
900 ## - ELEMENTOS DE DATOS A LOCAL, LDA (RLIN)
Nombre de persona MARY
Numeración 05
Títulos y otros términos asociados al nombre 20060323
Lenguaje de la obra MOR01
-- 1539
900 ## - ELEMENTOS DE DATOS A LOCAL, LDA (RLIN)
Nombre de persona VOBO
Numeración 40
Títulos y otros términos asociados al nombre 20060327
Lenguaje de la obra MOR01
-- 1059
900 ## - ELEMENTOS DE DATOS A LOCAL, LDA (RLIN)
Nombre de persona VOBO
Numeración 40
Títulos y otros términos asociados al nombre 20100205
Lenguaje de la obra MOR01
-- 1731
904 ## - ELEMENTOS DE DATOS D LOCAL, LDD (RLIN)
a UPDATE
942 ## - ELEMENTOS DE ENTRADA SECUNDARIOS (KOHA)
Código de la institución [OBSOLETO] BK
901 ## - ELEMENTOS DE DATOS A LOCAL LDA (RLIN)
a batch batch
Holdings
Estatus retirado Estado de pérdida Fuente del sistema de clasificación o colocación Estado de daño No para préstamo Colección Biblioteca de origen Biblioteca actual Ubicación en estantería Fecha de adquisición Fuente de adquisición Número de inventario Total de préstamos Signatura topográfica completa Código de barras Visto por última vez Precio de reemplazo Tipo de ítem Koha
    Clasificación Decimal Dewey     Libros (General) Biblioteca Instituto Mora Biblioteca Instituto Mora Regular 24/03/2006   109162   (G)/306.8 SIN.d 33291001150784 03/09/2024 03/09/2024 Libro préstamo regular